Nad jaką rzeką leży to miasto? - Statystyki

Ogólne statystyki
  • Ten quiz został rozwiązany 12 razy
  • Średni wynik to 11 z 16
Statystyki odpowiedzi
Miasto Rzeka % Poprawnych
Budapeszt Dunaj
100%
Belgrad Dunaj | Sawa
100%
Kair Nil
100%
Paryż Sekwana
100%
Londyn Tamiza
100%
Rzym Tyber
100%
Warszawa Wisła
100%
Kolonia Ren
89%
Praga Wełtawa
89%
Lizbona Tag
78%
Berlin Sprewa
67%
Nowy Jork Hudson
56%
Amsterdam Amstel
22%
Moskwa Moskwa (rzeka)
22%
Stambuł Bosfor | Złoty Róg
11%
Madryt Manzanares
11%
Nie znaleziono quizów pasujących do podanych kryteriów
Rozkład punktacji
Procent ludzi z każdym wynikiem
Percentyl według liczby udzielonych odpowiedzi
Twoja historia wyników
Nie rozwiązałeś tego quizu